000
00228nam a22000977a 4500
999
_c
16196
_d
16196
003
OSt
008
200619b ||||| |||| 00| 0 eng d
100
_a
C C ouseph & K vanadan
_9
4617
245
_a
Pre- University physics
942
_c
BK